banner koha

Feno de capim-de-rhodes (Chloris gayana Kunth)e capim elefante (Pennnisetum purpureum Schum)var. napier verde picado na alimentacao de equideos em crescimento (Registro n. 103976)

MARC details
000 -LÍDER
campo de controle de tamanho fixo 01178nas a2200337 4500
001 - NÚMERO DE CONTROLE
campo de controle BR8001556
003 - IDENTIFICADOR DO NÚMERO DE CONTROLE
campo de controle BR-BrBNA
005 - DATA E HORÁRIO DA ÚLTIMA TRANSAÇÃO
campo de controle 20231205084236.0
007 - CAMPO FIXO DE DESCRIÇÃO FÍSICA--INFORMAÇÃO GERAL
campo de controle de tamanho fixo ta
008 - CAMPO DE DADOS FIXOS--INFORMAÇÃO GERAL
campo de controle de tamanho fixo 230509b bl.|||p| |||| 00| 00por d
040 ## - FONTE DA CATALOGAÇÃO
Instituição da catalogação original BR-BrBNA
Idioma da catalogação por
Instituição que transcreveu o registro Biblioteca Nacional de Agricultura
041 ## - CÓDIGO DE IDIOMA
Código do idioma do texto/trilha sonora ou título diferente (Pt)
072 ## - CÓDIGO DE CATEGORIA DE ASSUNTO
Código de Categoria de Assunto L30; L50
100 1# - ENTRADA PRINCIPAL--NOME PESSOAL
Nome pessoal Manzano, A.
100 1# - ENTRADA PRINCIPAL--NOME PESSOAL
Nome pessoal Novaes, N.J.
100 1# - ENTRADA PRINCIPAL--NOME PESSOAL
Nome pessoal Haddad, C.M.
100 1# - ENTRADA PRINCIPAL--NOME PESSOAL
Nome pessoal Haddad, M. de L.
245 1# - TÍTULO
Título Feno de capim-de-rhodes (Chloris gayana Kunth)e capim elefante (Pennnisetum purpureum Schum)var. napier verde picado na alimentacao de equideos em crescimento
246 1# - FORMA VARIANTE DO TÍTULO
Título/título abreviado [Rhode grass hay (Chloris gayana Kuth)and green chopped elephant grass (Pennisetum purpureum Schum)in the feeding of growing mares]
650 ## - ASSUNTO--TERMO TÓPICO
Cabeçalho tópico ou nome geográfico Nutricao animal
650 ## - ASSUNTO--TERMO TÓPICO
Cabeçalho tópico ou nome geográfico Fisiologia animal
650 ## - ASSUNTO--TERMO TÓPICO
Cabeçalho tópico ou nome geográfico Feno
650 ## - ASSUNTO--TERMO TÓPICO
Cabeçalho tópico ou nome geográfico Capim elefante napier
650 ## - ASSUNTO--TERMO TÓPICO
Cabeçalho tópico ou nome geográfico Equino
650 ## - ASSUNTO--TERMO TÓPICO
Cabeçalho tópico ou nome geográfico Cavalo
650 ## - ASSUNTO--TERMO TÓPICO
Cabeçalho tópico ou nome geográfico Ganho de peso
650 ## - ASSUNTO--TERMO TÓPICO
Cabeçalho tópico ou nome geográfico Crescimento
773 0# - ENTRADA ANALÍTICA
Título Revista da Sociedade Brasileira de Zootecnia (Brazil)
ISSN - International Standard Serial Number ISSN 0100-4859
Partes relacionadas (1979), v. 8(4) p. 642-653
Número de controle do registro BR8001556
909 ## -
-- 202311
-- Lúcia
-- 55
-- Lúcia Elande
942 ## - ELEMENTOS DE ENTRADA ADICIONADOS (KOHA)
Fonte da classificação ou esquema de arquivamento na estante Classificação AGRIS
Ocultar no OPAC Não
Tipo de material Koha Analítica
Exemplares
Situação do descarte Fonte da classificação ou esquema de arquivamento na estante Situação física Não pode ser emprestado Biblioteca de origem Biblioteca atual Localização na estante Enumeração do periódico / cronologia Total de empréstimos Data de último acesso Número do exemplar Tipo de material Koha Fonte de aquisição
  Classificação AGRIS   Consulta local Biblioteca Nacional de Agricultura - Binagri Biblioteca Nacional de Agricultura - Binagri   (1979), v. 8(4) p. 642-653   29/11/2023 01 Periódicos Portaria Interministerial nº 164/94

BINAGRI

Telefone: (61)3218-2567/2388/3357/2097 - binagri@agro.gov.br

Ministério da Agricultura e Pecuária , Esplanada dos Ministérios, Bloco D, Anexo B, Brasília/DF, CEP: 70.043-900